01306nab a22002297a 4500003000400000005001700004008004100021040000700062100003100069245015800100260007300258300001500331500002700346505036100373505008200734650001800816650002600834650002200860650002700882650001800909773014900927OSt20251215163729.0190429b xxu||||| |||| 00| 0 spa d cPJ aTorres-Zambrano, Yorneylis10aLey Olimpia (ley 27.736) : bun hito en la protección de la intimidad y la lucha contra la violencia digital en Argentina /cYorneylis Torres-Zambrano. cCiudad Autónoma de Buenos Aires :aThomson Reuters La Ley, b2025. ap. 180-194 aCita: AR/DOC/167/2024. aSumario: I. Introducción.— II. Prevalencia y consecuencias de la violencia de género en el espacio digital.— III. Evolución legal en respuesta a la delincuencia digital en Argentina y la necesidad de perspectiva de género.— IV. Principales aspectos de la Ley Olimpia.— V. Efectos de la Ley Olimpia en el derecho penal.— VI. Conclusión.  tSi te interesa el texto completo, solicitalo a koha@justierradelfuego.gov.ar  0aDERECHO PENAL 0aVIOLENCIA DE GÉNERO 0aVIOLENCIA DIGITAL 0aDERECHO A LA INTIMIDAD 0aINFORMÁTICA0 02658tRevista de derecho penal y criminología. Nº 3 - Abril 2024dCiudad Autónoma de Buenos Aires : Thomson Reuters La Ley, 2017-x00347914